000
00367nam a22001577a 4500
003
MPLRDC
005
20220104114308.0
008
210129b ||||| |||| 00| 0 eng d
082
_a
857.44 LBC v.2
100
_a
李百川
245
_a
绿野仙踪. 下册
_c
260
_a
_b
广智书局
_c
300
_b
平
650
_a
章回小说
942
_c
BK
_o
857.44 LBC v.2
999
_c
6365
_d
6355